| 000 | 01381nam a2200325Ia 4500 | ||
|---|---|---|---|
| 001 | ebr10135639 | ||
| 003 | CaPaEBR | ||
| 006 | m u | ||
| 007 | cr cn||||||||| | ||
| 008 | 031222s2003 nyu sb 001 0 eng d | ||
| 015 | _aGBA2-T7714 | ||
| 020 | _z1403982252 | ||
| 020 | _z0312294131 | ||
| 040 |
_aCaPaEBR _cCaPaEBR |
||
| 035 | _a(OCoLC)560179691 | ||
| 050 | 1 | 4 |
_aPS508.H57 _bR42 2003eb |
| 245 | 0 | 0 |
_aReading U.S. Latina writers _h[electronic resource] : _bremapping American literature / _cedited by Alvina E. Quintana. |
| 250 | _a1st ed. | ||
| 260 |
_aNew York : _bPalgrave Macmillan, _c2003. |
||
| 300 | _avi, 212 p. | ||
| 504 | _aIncludes bibliographical references and index. | ||
| 533 |
_aElectronic reproduction. _bPalo Alto, Calif. : _cebrary, _d2007. _nAvailable via World Wide Web. _nAccess may be limited to ebrary affiliated libraries. |
||
| 650 | 0 |
_aAmerican literature _xHispanic American women authors _xHistory and criticism. |
|
| 650 | 0 |
_aHispanic American literature (Spanish) _xWomen authors _xHistory and criticism. |
|
| 650 | 0 |
_aLatin American literature _xWomen authors _xHistory and criticism. |
|
| 655 | 7 |
_aElectronic books. _2local |
|
| 700 | 1 |
_aQuintana, Alvina E., _d1947- |
|
| 710 | 2 | _aebrary, Inc. | |
| 856 | 4 | 0 |
_uhttp://site.ebrary.com/lib/rucke/Doc?id=10135639 _zAn electronic book accessible through the World Wide Web; click to view |
| 999 |
_c87555 _d87555 |
||